Sports Quiz

Random Sports Quiz
Score 0/25 Timer 10:00
3 Plays Today
Hint Answer % Correct
772 appearancesBilly Bremner
94.9%
726 appearancesNorman Hunter
92.9%
773 appearancesJack Charlton
92.6%
707 appearancesPeter Lorimer
83.3%
579 appearancesEddie Gray
83.2%
366 appearancesAllan Clarke
74.3%
527 appearancesJohnny Giles
73.4%
531 appearancesGary Kelly
70.9%
747 appearancesPaul Reaney
69.8%
508 appearancesGary Sprake
68.8%
407 appearancesFrank Gray
68.4%
327 appearancesJohn Charles
66%
312 appearancesMick Jones
65.8%
Hint Answer % Correct
727 appearancesPaul Madeley
65.4%
373 appearancesDavid Batty
61.9%
486 appearancesTrevor Cherry
60.8%
351 appearancesTerry Cooper
56%
447 appearancesDavid Harvey
55.7%
485 appearancesErnie Hart
42.7%
431 appearancesJohn Lukic
40.8%
474 appearancesGrenville Hair
6.7%
413 appearancesJack Milburn
5.9%
444 appearancesWillis Edwards
4.9%
443 appearancesJimmy Dunn
3.5%
349 appearancesEric Kerfoot
3.2%
Remove Ads.
Support Sporcle.
Get the best of Sporcle when you Go Orange. This ad-free experience offers more features, more stats, and more fun while also helping to support Sporcle. Thank you for becoming a member.

You're not logged in!

Compare scores with friends on all Sporcle quizzes.
OR
Log In

Sporcle TV

Today on Sporcle TV


Watch our educational content, quiz creation guides, and fun videos on Sporcle TV.

Show Comments

Extras

Top Quizzes Today


Score Distribution

Paid Content

Your Account Isn't Verified!

In order to create a playlist on Sporcle, you need to verify the email address you used during registration. Go to your Sporcle Settings to finish the process.

Report this User

Report this user for behavior that violates our Community Guidelines.

Details: